| 000 | 00454nam a2200157Ia 4500 | ||
|---|---|---|---|
| 008 | 240729s9999 xx 000 0 und d | ||
| 022 | _a2673-5857 | ||
| 245 | 0 | _aFrontiers in Electronics | |
| 260 | _aSwitzerland | ||
| 260 | _bFrontiers Media S.A. | ||
| 650 | _a Electrical engineering. Electronics. Nuclear engineering | ||
| 650 | _aTechnology | ||
| 856 | _uhttps://doaj.org/toc/22580b1cecb1496f88bd66f0e0ed5385 | ||
| 942 | _2ddc | ||
| 942 | _cDOAJEJ | ||
| 999 |
_c67383 _d67383 |
||
| 945 |
_a1 _bMadushi Gamage _c1 _dMadushi Gamage |
||